Automated inspection and high speed vision architectures : 3-4 November 1987, Cambridge, Massachusetts /

Bibliographic Details
Corporate Authors: Society of Photo-optical Instrumentation Engineers, IEEE Industrial Electronics Society, Keisoku Jidō Seigyo Gakkai (Japan), Carnegie-Mellon University. Center for Optical Data Processing
Other Authors: Chen, Michael J. W., Ahlers, R.-J. (Rolf-Jürgen)
Format: Book
Language:English
Published: Bellingham, Wash., USA : SPIE, [1988]
Series:Proceedings of SPIE--the International Society for Optical Engineering ; v. 849.
Subjects:

MARC

Tag First Indicator Second Indicator Subfields
LEADER 00000cam a2200000 a 4500
001 in00000030070
005 20151007054854.0
008 880413s1988 waua b 10100 eng d
010 |a  87063195  
020 |a 0892528842 (pbk.) :  |c $42.50 
035 |a (OCoLC)17784124 
035 |9 AAB6486AM 
040 |a SCT  |c SCT  |d NAG  |d NRC  |d TXA  |d UtOrBLW 
049 |a TXAM  |c [A11531817] 
050 4 |a QA76.9.A73  |b A87 1988 
245 0 0 |a Automated inspection and high speed vision architectures :  |b 3-4 November 1987, Cambridge, Massachusetts /  |c Michael J.W. Chen, Rolf-Juergen Ahlers, chairs/editors ; sponsored by SPIE--the International Society for Optical Engineering ; in association with IEEE Industrial Electronics Society, Society of Instrument and Control Engineers of Japan ; cooperating organizations, Center for Optical Data Processing / Carnegie Mellon University [and others]. 
264 1 |a Bellingham, Wash., USA :  |b SPIE,  |c [1988] 
264 4 |c ©1988 
300 |a vi, 274 pages :  |b illustrations (some color) ;  |c 28 cm. 
336 |a text  |b txt  |2 rdacontent 
337 |a unmediated  |b n  |2 rdamedia 
338 |a volume  |b nc  |2 rdacarrier 
490 1 |a Proceedings of SPIE--The International Society for Optical Engineering ;  |v v. 849 
504 |a Includes bibliographical references and index. 
650 0 |a Computer architecture  |v Congresses. 
650 0 |a Pattern recognition systems  |v Congresses. 
700 1 |a Chen, Michael J. W. 
700 1 |a Ahlers, R.-J.  |q (Rolf-Jürgen) 
710 2 |a Society of Photo-optical Instrumentation Engineers. 
710 2 |a IEEE Industrial Electronics Society. 
710 2 |a Keisoku Jidō Seigyo Gakkai (Japan) 
710 2 |a Carnegie-Mellon University.  |b Center for Optical Data Processing. 
830 0 |a Proceedings of SPIE--the International Society for Optical Engineering ;  |v v. 849. 
999 |a MARS 
999 f f |s 012facd0-3dd7-38fc-b63f-11219a5c6032  |i 9311ad69-a9cd-34c3-8006-7e964fd046c8  |t 0 
952 f f |p ric  |a Texas A&M University  |b Rellis Campus  |c Joint Library Facility  |d Remote Storage  |t 0  |e QA76.9.A73 A87 1988  |h Library of Congress classification  |i unmediated -- volume  |m A14811531817 
998 f f |a QA76.9.A73 A87 1988  |t 0  |l Remote Storage